| 000 | 00000nas##2200000za#4500 |
| 001 | 9.514245 |
| 003 | CaOODSP |
| 005 | 20200427142340 |
| 007 | ta |
| 008 | 150406c2002||||xxc|| p #||||f| |0eng|d |
| 040 | |aCaOODSP|beng |
| 043 | |an-cn--- |
| 086 | 1 |aFC2-1E |
| 110 | 2 |aFinancial Consumer Agency of Canada. |
| 245 | 10|aCredit cards and you |
| 260 | |aOttawa - Ontario : |bFinancial Consumer Agency of Canada |
| 310 | |aIrregular |
| 362 | 1 |aDecember, 2001; Fall 2002--[January 2006] |
| 500 | |aQuarterly until Fall 2002. |
| 500 | |aPublication ceased. See interactive tools at the URL indicated below. |
| 520 | 3 |aThese guides provide consumers user-friendly advice on selecting and using credit cards. Some topics include choosing a credit card, guarding against unauthorized transactions, and getting the most from a credit card. Includes tables that compare the costs and features of a cross-section of credit cards available in Canada. |
| 563 | |aSoftcover |
| 775 | 08|tLes cartes de crédit: à vous de choisir |w(CaOODSP)9.512673 |
| 776 | 0#|tCredit cards and you |w(CaOODSP)9.506827 |
| 780 | 00|tCredit cards and you |w(CaOODSP)9.508444 |